000 00622nam a2200181Ia 4500
008 100920s9999 xx 000 0 und d
082 _b10417
_a891.43 थ 58
100 _aशास्त्री आचार्य चतुरसेन.
245 _aअपराजिता.
260 _bआत्माराम एंड सन्स, काश्मीरी गेट, दिल्ली.
_c1958
300 _a139
_bसाधी
365 _b2
520 _aहिंदी.
630 _aअपराजिता.
650 _aहिंदी.
730 _aअपराजिता.
942 _cBOOK
999 _c676855
_d676852